| 000 | 00360nam a22001337a 4500 | ||
|---|---|---|---|
| 082 |
_a297.7 _bBAZ _cD |
||
| 100 |
_aAbdul bin baz _947097 |
||
| 245 |
_aتحفتہ الاخیار _cAbdul bin baz |
||
| 260 |
_aLahore _bDar Ul Islam Pub _c2000 |
||
| 300 |
_a80 p. _btext _c17 cm |
||
| 526 |
_a0 _b0 _c0 _d297_700000000000000_BAZ |
||
| 650 |
_aD _96527 |
||
| 942 |
_2ddc _cBK |
||
| 999 |
_c550396 _d550396 |
||